[Event "Charlesbourg Millenium op"]
[Site "Charlesbourg CAN"]
[Date "2004.12.20"]
[Round "5"]
[White "Laflamme, Simon"]
[Black "Fecteau, Martin"]
[Result "1-0"]
[WhiteElo "1903"]
[BlackElo "1934"]
[PlyCount "51"]
[GameId "2160767911052487"]
[EventDate "2004.11.22"]
[EventType "swiss"]
[EventRounds "5"]
[EventCountry "CAN"]
[SourceTitle "EXT 2006"]
[Source "ChessBase"]
[SourceDate "2005.11.24"]
[SourceVersion "1"]
[SourceVersionDate "2005.11.24"]
[SourceQuality "1"]

1. e4 c5 2. Nf3 d6 3. d4 cxd4 4. Nxd4 Nf6 5. Nc3 a6 6. Bg5 e6 7. Qe2 h6 8. Bh4 b5 9. O-O-O Nbd7 10. Nd5 Bb7 11. Nxf6+ gxf6 12. Qh5 Qe7 13. Bxb5 axb5 14. Nxb5 Rxa2 15. Kb1 Ra4 16. Nxd6+ Qxd6 17. Rxd6 Bxd6 18. Bxf6 Rg8 19. Rd1 Rg6 20. Rxd6 Rxf6 21. Qb5 Ra7 22. Rxd7 Bc6 23. Qb8+ Kxd7 24. Qxa7+ Ke8 25. e5 Rf5 26. Qb8+ 1-0

[Event "Charlesbourg Millenium op"]
[Site "Charlesbourg CAN"]
[Date "2004.12.20"]
[Round "5"]
[White "Lessard, Claude"]
[Black "Beaudoin, Stephane"]
[Result "1-0"]
[WhiteElo "1948"]
[BlackElo "2086"]
[PlyCount "71"]
[GameId "2160767911052488"]
[EventDate "2004.11.22"]
[EventType "swiss"]
[EventRounds "5"]
[EventCountry "CAN"]
[SourceTitle "EXT 2006"]
[Source "ChessBase"]
[SourceDate "2005.11.24"]
[SourceVersion "1"]
[SourceVersionDate "2005.11.24"]
[SourceQuality "1"]

1. d4 Nf6 2. c4 e6 3. Nc3 c5 4. d5 exd5 5. cxd5 d6 6. e4 Be7 7. Bb5+ Nbd7 8. e5 dxe5 9. d6 Bf8 10. Qe2 Bxd6 11. Bg5 O-O 12. O-O-O Be7 13. Bxf6 Bxf6 14. Ne4 Qe7 15. g4 Nb6 16. h4 g6 17. g5 Bg7 18. Qf3 f5 19. gxf6 Bxf6 20. Qg3 c4 21. Nf3 Bf5 22. Nd6 Bd3 23. Rxd3 cxd3 24. Ne4 Rad8 25. h5 g5 26. Nh4 d2+ 27. Kd1 Kh8 28. Ng6+ hxg6 29. hxg6+ Kg8 30. Qh3 Qg7 31. Qe6+ Rf7 32. Nxf6+ Qxf6 33. gxf7+ Qxf7 34. Rh8+ Kxh8 35. Qxf7 Rd5 36. Bc4 1-0

[Event "Charlesbourg Millenium op"]
[Site "Charlesbourg CAN"]
[Date "2004.12.20"]
[Round "5"]
[White "Turcot, Jean"]
[Black "Francoeur, Leonard"]
[Result "1-0"]
[WhiteElo "1504"]
[BlackElo "1226"]
[PlyCount "71"]
[GameId "2160767911052489"]
[EventDate "2004.11.22"]
[EventType "swiss"]
[EventRounds "5"]
[EventCountry "CAN"]
[SourceTitle "EXT 2006"]
[Source "ChessBase"]
[SourceDate "2005.11.24"]
[SourceVersion "1"]
[SourceVersionDate "2005.11.24"]
[SourceQuality "1"]

1. b4 e5 2. Bb2 d6 3. e3 Nf6 4. c4 a6 5. Nf3 Be7 6. Be2 Bg4 7. O-O c6 8. Qb3 Qd7 9. Nc3 O-O 10. Rfd1 h6 11. d4 Qc7 12. Rac1 Rd8 13. h3 Be6 14. d5 cxd5 15. cxd5 Bf5 16. e4 Bh7 17. Na4 Nc6 18. dxc6 bxc6 19. Bc4 Bf8 20. Bd5 Nxd5 21. exd5 c5 22. bxc5 Rab8 23. cxd6 Qxd6 24. Bxe5 Rxb3 25. Bxd6 Rb5 26. Bxf8 Rxf8 27. Rc6 Ra5 28. Nc5 Rxa2 29. Rxa6 Rc2 30. Nd7 Rd8 31. Nb6 Rb2 32. Ra8 Rxa8 33. Nxa8 Be4 34. Nc7 Rc2 35. d6 Bf5 36. Nd4 1-0

[Event "Charlesbourg Thematique"]
[Site "Charlesbourg CAN"]
[Date "2004.01.05"]
[Round "1"]
[White "Arteau, Benoit"]
[Black "Lessard, Claude"]
[Result "0-1"]
[WhiteElo "1718"]
[BlackElo "1980"]
[PlyCount "66"]
[GameId "2160767911209103"]
[EventDate "2004.01.??"]
[EventType "swiss"]
[EventRounds "5"]
[EventCountry "CAN"]
[SourceTitle "EXT 2005"]
[Source "ChessBase"]
[SourceDate "2004.11.15"]
[SourceVersion "1"]
[SourceVersionDate "2004.11.15"]
[SourceQuality "1"]

1. d4 Nf6 2. c4 g6 3. Nc3 Bg7 4. e4 d6 5. Be2 c5 6. Be3 cxd4 7. Bxd4 O-O 8. h4 h5 9. Nh3 Bxh3 10. Rxh3 Qa5 11. Bxf6 Bxf6 12. g4 hxg4 13. Bxg4 Nc6 14. h5 g5 15. h6 Ne5 16. f4 Nxc4 17. e5 dxe5 18. Qb3 Qc5 19. Ne4 Qg1+ 20. Ke2 Qxg4+ 21. Rf3 Qg2+ 22. Nf2 e4 23. Rg3 Qh2 24. Rh1 Nd2 25. Qa3 Nb1 26. Qe3 Qxh1 27. Nxh1 Rfd8 28. fxg5 Bxb2 29. Qb3 Rd2+ 30. Kf1 Rc8 31. Nf2 Bd4 32. Qxb1 Rxf2+ 33. Ke1 Rb2 0-1

[Event "Charlesbourg Thematique"]
[Site "Charlesbourg CAN"]
[Date "2004.01.05"]
[Round "1"]
[White "Caron, Sebastien"]
[Black "Beaudoin, Stephane"]
[Result "0-1"]
[WhiteElo "1840"]
[BlackElo "2026"]
[PlyCount "58"]
[GameId "2160767911209104"]
[EventDate "2004.01.??"]
[EventType "swiss"]
[EventRounds "5"]
[EventCountry "CAN"]
[SourceTitle "EXT 2005"]
[Source "ChessBase"]
[SourceDate "2004.11.15"]
[SourceVersion "1"]
[SourceVersionDate "2004.11.15"]
[SourceQuality "1"]

1. e4 g6 2. d4 Bg7 3. Nf3 d6 4. Bc4 Nf6 5. Nc3 O-O 6. O-O Nc6 7. h3 Nxe4 8. Bxf7+ Rxf7 9. Nxe4 Bf5 10. Neg5 Rf8 11. Re1 e5 12. g4 e4 13. Nxe4 Bxe4 14. Rxe4 Qf6 15. Rf4 Qe7 16. c3 Rfe8 17. Qb3+ Kh8 18. Ng5 h6 19. Re4 Qf6 20. Rf4 Qxg5 21. Rf8+ Rxf8 22. Bxg5 hxg5 23. Qxb7 Ne7 24. Re1 Rae8 25. Qxc7 Nd5 26. Rxe8 Nxc7 27. Rxf8+ Bxf8 28. Kg2 d5 29. a4 a5 0-1

[Event "Charlesbourg Thematique"]
[Site "Charlesbourg CAN"]
[Date "2004.01.05"]
[Round "1"]
[White "Laflamme, Simon"]
[Black "Gaudreau, Eric"]
[Result "1-0"]
[WhiteElo "1942"]
[BlackElo "1668"]
[PlyCount "81"]
[GameId "2160767911209105"]
[EventDate "2004.01.??"]
[EventType "swiss"]
[EventRounds "5"]
[EventCountry "CAN"]
[SourceTitle "EXT 2005"]
[Source "ChessBase"]
[SourceDate "2004.11.15"]
[SourceVersion "1"]
[SourceVersionDate "2004.11.15"]
[SourceQuality "1"]

1. e4 e5 2. f4 d5 3. exd5 e4 4. d3 Nf6 5. dxe4 Bc5 6. Nc3 O-O 7. Bd3 Ng4 8. Nf3 Nf2 9. Qe2 Nxh1 10. Be3 Bxe3 11. Qxe3 Bg4 12. O-O-O Na6 13. Rxh1 Bxf3 14. gxf3 Nb4 15. Bc4 a6 16. a3 a5 17. axb4 axb4 18. Na2 Qf6 19. Rg1 Ra4 20. Bb3 Ra5 21. Nxb4 Rfa8 22. Nd3 Qh4 23. Rg2 Ra1+ 24. Kd2 Rb1 25. Qf2 Qe7 26. Qg3 g6 27. f5 Raa1 28. fxg6 hxg6 29. Qe5 Qh4 30. d6 Rd1+ 31. Kc3 Rxd3+ 32. Kxd3 Rd1+ 33. Rd2 Rxd2+ 34. Kxd2 Qf2+ 35. Kc3 Qe3+ 36. Kc4 Qe2+ 37. Kb4 cxd6 38. Qe8+ Kg7 39. Qxf7+ Kh6 40. Qf4+ Kg7 41. Qxd6 1-0

[Event "Charlesbourg Thematique"]
[Site "Charlesbourg CAN"]
[Date "2004.01.05"]
[Round "1"]
[White "Tremblay, Rejean"]
[Black "Poliquin, Yvone"]
[Result "1-0"]
[WhiteElo "2200"]
[BlackElo "1844"]
[PlyCount "63"]
[GameId "2160767911209106"]
[EventDate "2004.01.??"]
[EventType "swiss"]
[EventRounds "5"]
[EventCountry "CAN"]
[SourceTitle "EXT 2005"]
[Source "ChessBase"]
[SourceDate "2004.11.15"]
[SourceVersion "1"]
[SourceVersionDate "2004.11.15"]
[SourceQuality "1"]

1. d4 d5 2. c4 e6 3. Nc3 c5 4. cxd5 cxd4 5. Qxd4 Nc6 6. Qd1 exd5 7. Qxd5 Bd7 8. Nf3 Nf6 9. Qd1 Qb6 10. a3 O-O-O 11. Qc2 Kb8 12. e3 Be6 13. b4 Rc8 14. Bd2 Nd5 15. Qb2 Bxb4 16. axb4 Ncxb4 17. Rb1 Nxc3 18. Bxc3 Bf5 19. Rc1 Rxc3 20. Qxc3 Rc8 21. Qe5+ Ka8 22. Rxc8+ Bxc8 23. Qc3 Bf5 24. Nd4 Nd5 25. Qb3 Qa5+ 26. Ke2 Nc3+ 27. Kf3 Be4+ 28. Kf4 Qc7+ 29. Kg4 Qd7+ 30. Kg3 Qc7+ 31. f4 Nd5 32. Bc4 1-0

[Event "Charlesbourg Thematique"]
[Site "Charlesbourg CAN"]
[Date "2004.01.12"]
[Round "2"]
[White "Filiatreault, Michel"]
[Black "Bonneau, Daniel"]
[Result "1-0"]
[WhiteElo "1897"]
[BlackElo "1985"]
[PlyCount "81"]
[GameId "2160767911209107"]
[EventDate "2004.01.??"]
[EventType "swiss"]
[EventRounds "5"]
[EventCountry "CAN"]
[SourceTitle "EXT 2005"]
[Source "ChessBase"]
[SourceDate "2004.11.15"]
[SourceVersion "1"]
[SourceVersionDate "2004.11.15"]
[SourceQuality "1"]

1. c4 Nf6 2. Nc3 e5 3. e4 Bc5 4. g3 d6 5. h3 O-O 6. Bg2 a6 7. Nge2 Nc6 8. O-O Rb8 9. a4 h6 10. d3 Bd7 11. Kh2 Nh7 12. f4 f5 13. exf5 Bxf5 14. Be4 Qd7 15. Bxf5 Rxf5 16. g4 Rf7 17. Nd5 Rbf8 18. f5 Nf6 19. Nxf6+ Rxf6 20. Nc3 Ne7 21. Ne4 R6f7 22. Nxc5 dxc5 23. Qe2 Nc6 24. Qe4 Rd8 25. Rf3 Nd4 26. Rg3 Nb3 27. Rb1 Qxa4 28. Be3 Nd4 29. Rf1 Nc6 30. Bxc5 Rf6 31. Rf2 b6 32. Be3 Rfd6 33. f6 Rxd3 34. Qg6 R3d7 35. Bxh6 Qxc4 36. fxg7 Rf7 37. Rxf7 Qxf7 38. Qxc6 Kh7 39. Rf3 Qa2 40. Rf8 Qxb2+ 41. Qg2 1-0

[Event "Charlesbourg Thematique"]
[Site "Charlesbourg CAN"]
[Date "2004.01.12"]
[Round "2"]
[White "Lessard, Claude"]
[Black "Laflamme, Simon"]
[Result "0-1"]
[WhiteElo "1980"]
[BlackElo "1924"]
[PlyCount "34"]
[GameId "2160767911209108"]
[EventDate "2004.01.??"]
[EventType "swiss"]
[EventRounds "5"]
[EventCountry "CAN"]
[SourceTitle "EXT 2005"]
[Source "ChessBase"]
[SourceDate "2004.11.15"]
[SourceVersion "1"]
[SourceVersionDate "2004.11.15"]
[SourceQuality "1"]

1. d4 Nf6 2. Bg5 e6 3. Bxf6 Qxf6 4. e3 d5 5. Nf3 Bd6 6. Bd3 O-O 7. Nbd2 Nc6 8. c3 e5 9. dxe5 Nxe5 10. Nxe5 Bxe5 11. Qc2 g6 12. h3 c5 13. e4 Re8 14. O-O-O c4 15. Qa4 b5 16. Qxb5 Ba6 17. Qa4 cxd3 0-1

[Event "Charlesbourg Thematique"]
[Site "Charlesbourg CAN"]
[Date "2004.01.12"]
[Round "2"]
[White "Sauve, Richard"]
[Black "Tremblay, Rejean"]
[Result "1-0"]
[WhiteElo "1934"]
[BlackElo "2200"]
[PlyCount "45"]
[GameId "2160767911209109"]
[EventDate "2004.01.??"]
[EventType "swiss"]
[EventRounds "5"]
[EventCountry "CAN"]
[SourceTitle "EXT 2005"]
[Source "ChessBase"]
[SourceDate "2004.11.15"]
[SourceVersion "1"]
[SourceVersionDate "2004.11.15"]
[SourceQuality "1"]

1. d4 Nf6 2. c4 g6 3. Nc3 Bg7 4. e4 d6 5. f3 O-O 6. Be3 Nbd7 7. Qd2 c5 8. Nge2 a6 9. Rd1 cxd4 10. Nxd4 Ne5 11. Be2 Bd7 12. O-O Rb8 13. Nd5 b5 14. cxb5 axb5 15. b3 Re8 16. Rc1 Nxd5 17. exd5 Rb7 18. h3 f5 19. f4 Nf7 20. Nc6 Qa8 21. Na5 Rbb8 22. Rc7 Bc8 23. Ra7 1-0

[Event "Charlesbourg Thematique"]
[Site "Charlesbourg CAN"]
[Date "2004.01.19"]
[Round "3"]
[White "Chouinard, Marc"]
[Black "Beaudoin, Stephane"]
[Result "0-1"]
[WhiteElo "1548"]
[BlackElo "2026"]
[PlyCount "56"]
[GameId "2160767911209110"]
[EventDate "2004.01.??"]
[EventType "swiss"]
[EventRounds "5"]
[EventCountry "CAN"]
[SourceTitle "EXT 2005"]
[Source "ChessBase"]
[SourceDate "2004.11.15"]
[SourceVersion "1"]
[SourceVersionDate "2004.11.15"]
[SourceQuality "1"]

1. d3 e5 2. Nf3 Nc6 3. g3 d5 4. Bg2 f5 5. O-O Nf6 6. c4 d4 7. a3 a5 8. e3 Be7 9. exd4 exd4 10. Re1 O-O 11. Ne5 Nxe5 12. Rxe5 Bd6 13. Re1 c5 14. Bg5 h6 15. Bxf6 Qxf6 16. Bd5+ Kh8 17. f4 Bd7 18. Nd2 Rae8 19. Qf3 b6 20. Bc6 Re3 21. Rxe3 dxe3 22. Bxd7 exd2 23. Qe2 Qxb2 24. Rd1 Bxf4 25. Qe7 Qd4+ 26. Kg2 Bd6 27. Qe2 f4 28. Bc6 fxg3 0-1

[Event "Charlesbourg Thematique"]
[Site "Charlesbourg CAN"]
[Date "2004.01.19"]
[Round "3"]
[White "Fecteau, Martin"]
[Black "Theriault, Francis"]
[Result "1-0"]
[WhiteElo "1969"]
[BlackElo "1531"]
[PlyCount "81"]
[GameId "2160767911209111"]
[EventDate "2004.01.??"]
[EventType "swiss"]
[EventRounds "5"]
[EventCountry "CAN"]
[SourceTitle "EXT 2005"]
[Source "ChessBase"]
[SourceDate "2004.11.15"]
[SourceVersion "1"]
[SourceVersionDate "2004.11.15"]
[SourceQuality "1"]

1. e4 d6 2. d4 Nf6 3. Nc3 g6 4. Nf3 Bg7 5. h3 c5 6. Be2 Nbd7 7. O-O O-O 8. e5 Ne8 9. Bf4 cxd4 10. Qxd4 Qa5 11. Nd5 e6 12. Ne7+ Kh8 13. Qc4 Nxe5 14. Bxe5 dxe5 15. Nxc8 Qd8 16. Nxa7 Rxa7 17. Qc5 Ra5 18. Qb4 Qc7 19. Rfd1 Rd5 20. c4 Rxd1+ 21. Rxd1 Kg8 22. Ng5 b6 23. Ne4 f5 24. Nd6 e4 25. Nb5 Qe5 26. Nc3 Qc5 27. Qxc5 bxc5 28. Na4 Bd4 29. b4 e5 30. Nxc5 Nc7 31. Nb3 Rd8 32. Kf1 Ne6 33. a4 Kf8 34. c5 Ke7 35. Bc4 Ra8 36. Bxe6 Kxe6 37. a5 Bc3 38. Rd6+ Ke7 39. Rb6 Rd8 40. Ke2 f4 41. a6 1-0

[Event "Charlesbourg Thematique"]
[Site "Charlesbourg CAN"]
[Date "2004.01.19"]
[Round "3"]
[White "Fortier, Bertrand"]
[Black "Filiatreault, Michel"]
[Result "0-1"]
[WhiteElo "1440"]
[BlackElo "1897"]
[PlyCount "72"]
[GameId "2160767911209112"]
[EventDate "2004.01.??"]
[EventType "swiss"]
[EventRounds "5"]
[EventCountry "CAN"]
[SourceTitle "EXT 2005"]
[Source "ChessBase"]
[SourceDate "2004.11.15"]
[SourceVersion "1"]
[SourceVersionDate "2004.11.15"]
[SourceQuality "1"]

1. e4 c5 2. c3 d5 3. exd5 Qxd5 4. d4 cxd4 5. cxd4 Nc6 6. Be3 e6 7. a3 Nf6 8. Nc3 Qd8 9. Bd3 Nd5 10. Nxd5 Qxd5 11. Nf3 Be7 12. Bb1 O-O 13. O-O Bf6 14. Qd3 g6 15. Ba2 Qd6 16. Rfd1 Ne7 17. Rac1 Bd7 18. Ne5 Rac8 19. Bf4 Nd5 20. Bg3 Qe7 21. Qf3 Bc6 22. Nxc6 Rxc6 23. Rxc6 bxc6 24. h3 Bg7 25. Rc1 Bxd4 26. Rxc6 Bxb2 27. Bd6 Qb7 28. Bxd5 exd5 29. Rc7 Qb8 30. Qf4 Qe8 31. g3 Qe6 32. Qb4 Re8 33. Qxb2 Qxd6 34. Rxa7 d4 35. Ra4 Re1+ 36. Kh2 Qd5 0-1

[Event "Charlesbourg Thematique"]
[Site "Charlesbourg CAN"]
[Date "2004.01.19"]
[Round "3"]
[White "Lapierre, Gaetan"]
[Black "Sauve, Richard"]
[Result "1/2-1/2"]
[WhiteElo "1875"]
[BlackElo "1934"]
[PlyCount "106"]
[GameId "2160767911209113"]
[EventDate "2004.01.??"]
[EventType "swiss"]
[EventRounds "5"]
[EventCountry "CAN"]
[SourceTitle "EXT 2005"]
[Source "ChessBase"]
[SourceDate "2004.11.15"]
[SourceVersion "1"]
[SourceVersionDate "2004.11.15"]
[SourceQuality "1"]

1. Nf3 d5 2. c4 e6 3. d4 c6 4. e3 Nf6 5. Nc3 Nbd7 6. Bd3 dxc4 7. Bxc4 b5 8. Bd3 a6 9. O-O Bb7 10. Re1 c5 11. a3 Be7 12. b3 O-O 13. Bb2 Rc8 14. Rc1 Qb6 15. Be2 Rfd8 16. Rc2 cxd4 17. exd4 Bd5 18. Nxd5 Nxd5 19. Rxc8 Rxc8 20. Ne5 Nxe5 21. dxe5 Bc5 22. Rf1 Rd8 23. Qc1 h6 24. b4 Bd4 25. Bf3 Ne7 26. Bxd4 Rxd4 27. Rd1 Ng6 28. Qc8+ Kh7 29. Rc1 Rd3 30. Bb7 Rxa3 31. Be4 Ra2 32. Qc5 Qd8 33. g3 Rd2 34. h4 h5 35. Bf3 Qd4 36. Qxd4 Rxd4 37. Bb7 Nxe5 38. Bxa6 Rxb4 39. Rc5 f6 40. Rxb5 Rxb5 41. Bxb5 g5 42. hxg5 fxg5 43. Kg2 Kg6 44. f4 Ng4 45. Bd3+ Kf6 46. Kf3 e5 47. fxg5+ Kxg5 48. Ba6 Nf6 49. Bc8 e4+ 50. Ke3 Ne8 51. Bh3 Nd6 52. Bd7 Nf5+ 53. Kxe4 Nxg3+ 1/2-1/2

[Event "Charlesbourg Thematique"]
[Site "Charlesbourg CAN"]
[Date "2004.01.19"]
[Round "3"]
[White "Marois, Remi"]
[Black "Poliquin, Yvone"]
[Result "1-0"]
[WhiteElo "1409"]
[BlackElo "1833"]
[PlyCount "115"]
[GameId "2160767911209114"]
[EventDate "2004.01.??"]
[EventType "swiss"]
[EventRounds "5"]
[EventCountry "CAN"]
[SourceTitle "EXT 2005"]
[Source "ChessBase"]
[SourceDate "2004.11.15"]
[SourceVersion "1"]
[SourceVersionDate "2004.11.15"]
[SourceQuality "1"]

1. e4 d5 2. exd5 Qxd5 3. Nc3 Qa5 4. Nf3 Nf6 5. d4 c6 6. Bd2 Bf5 7. Ne4 Qc7 8. Neg5 h6 9. Nxf7 Kxf7 10. Ne5+ Ke8 11. Be2 Nbd7 12. Bh5+ Nxh5 13. Qxh5+ g6 14. Nxg6 Bxg6 15. Qxg6+ Kd8 16. O-O-O Qd6 17. Qxd6 exd6 18. Rhe1 Be7 19. Re6 Nf8 20. Rxh6 Rxh6 21. Bxh6 Ne6 22. d5 cxd5 23. Rxd5 Kd7 24. Be3 Rg8 25. g3 a6 26. Kd2 Rh8 27. h4 Nc7 28. Rd4 b5 29. Rg4 Nd5 30. c3 Nf6 31. Rg7 Rg8 32. Rxg8 Nxg8 33. Bg5 Bf8 34. Kd3 d5 35. g4 Ke6 36. b3 Bg7 37. f4 Kf7 38. c4 dxc4+ 39. bxc4 bxc4+ 40. Kxc4 Nf6 41. Bxf6 Bxf6 42. h5 Bd8 43. Kd5 Bc7 44. Ke4 Kg7 45. Kf5 Ba5 46. g5 Bd2 47. Ke5 Bc1 48. Kf5 Bb2 49. h6+ Kh7 50. Kg4 Ba1 51. f5 Bb2 52. Kh5 Bc3 53. f6 Kg8 54. Kg6 Bb4 55. h7+ Kh8 56. Kh6 Bf8+ 57. Kg6 Bd6 58. Kf7 1-0

[Event "Charlesbourg Thematique"]
[Site "Charlesbourg CAN"]
[Date "2004.01.19"]
[Round "3"]
[White "Tremblay, Rejean"]
[Black "Laplante, Jean-Simon"]
[Result "1-0"]
[WhiteElo "2193"]
[BlackElo "1572"]
[PlyCount "89"]
[GameId "2160767911209115"]
[EventDate "2004.01.??"]
[EventType "swiss"]
[EventRounds "5"]
[EventCountry "CAN"]

1. d4 Nf6 2. c4 g6 3. Nc3 d5 4. Nf3 Bg7 5. Bg5 Ne4 6. cxd5 Nxg5 7. Nxg5 e6 8. Qd2 Bh6 9. f4 Bxg5 10. fxg5 exd5 11. O-O-O c6 12. e4 Be6 13. exd5 Bxd5 14. Nxd5 Qxd5 15. Qb4 Nd7 16. Re1+ Kd8 17. Qxb7 Rb8 18. Qxa7 Qxg5+ 19. Kc2 Re8 20. Rxe8+ Kxe8 21. Qa6 Qf5+ 22. Qd3 Qd5 23. Kb1 Nf6 24. Qe3+ Kf8 25. Qh6+ Kg8 26. Qf4 Qe4+ 27. Qxe4 Nxe4 28. Ba6 Rd8 29. Rd1 c5 30. Bb7 f5 31. Bxe4 fxe4 32. d5 Kf7 33. Rf1+ Ke7 34. Re1 Rxd5 35. Rxe4+ Kf6 36. Kc2 Rf5 37. Re2 g5 38. Kc3 Rf4 39. a3 h5 40. b4 cxb4+ 41. axb4 Rh4 42. g3 Rh3 43. Kc4 h4 44. gxh4 Rxh4+ 45. Kc5 1-0

[Event "Charlesbourg Thematique"]
[Site "Charlesbourg CAN"]
[Date "2004.01.26"]
[Round "4"]
[White "Bluteau, Yvon"]
[Black "Tremblay, Rejean"]
[Result "0-1"]
[WhiteElo "1649"]
[BlackElo "2193"]
[PlyCount "50"]
[GameId "2160767911209116"]
[EventDate "2004.01.??"]
[EventType "swiss"]
[EventRounds "5"]
[EventCountry "CAN"]

1. Nf3 Nf6 2. d4 g6 3. g3 Bg7 4. Bg2 O-O 5. O-O d6 6. Nbd2 Nbd7 7. e4 e5 8. dxe5 dxe5 9. Nc4 Nxe4 10. Re1 Nec5 11. Ncxe5 Nxe5 12. Bf4 Qxd1 13. Raxd1 Nxf3+ 14. Bxf3 Ne6 15. Bc1 c6 16. c3 a5 17. Bg2 a4 18. a3 Ra5 19. Bh3 Nc5 20. Bxc8 Rxc8 21. Rd6 Bf8 22. Rdd1 Raa8 23. f4 Rd8 24. Be3 Nd3 25. Rd2 Nxe1 0-1

[Event "Charlesbourg Thematique"]
[Site "Charlesbourg CAN"]
[Date "2004.01.26"]
[Round "4"]
[White "Filiatreault, Michel"]
[Black "Laflamme, Simon"]
[Result "1/2-1/2"]
[WhiteElo "1897"]
[BlackElo "1924"]
[PlyCount "74"]
[GameId "2160767911209117"]
[EventDate "2004.01.??"]
[EventType "swiss"]
[EventRounds "5"]
[EventCountry "CAN"]
[SourceTitle "EXT 2005"]
[Source "ChessBase"]
[SourceDate "2004.11.15"]
[SourceVersion "1"]
[SourceVersionDate "2004.11.15"]
[SourceQuality "1"]

1. f4 d5 2. Nf3 Nf6 3. d4 Bg4 4. e3 Nbd7 5. Be2 Bxf3 6. Bxf3 e6 7. O-O Bd6 8. c4 c6 9. c5 Be7 10. Nc3 Qc7 11. Bd2 h6 12. b4 g5 13. g3 g4 14. Bxg4 Nxg4 15. Qxg4 Nf6 16. Qf3 O-O-O 17. b5 h5 18. bxc6 Qxc6 19. a4 h4 20. Nb5 Kb8 21. Be1 Rdg8 22. Ra2 hxg3 23. Bxg3 Ne4 24. Rg2 f5 25. Be1 a6 26. Nc3 Nxc3 27. Bxc3 Qxa4 28. Kh1 Qc4 29. Rxg8+ Rxg8 30. Ba5 Qa2 31. Bb6 Rh8 32. Qg3 Bh4 33. Qg7 Bf6 34. Qg3 Qe2 35. Rg1 Rxh2+ 36. Qxh2 Qf3+ 37. Rg2 Qd1+ 1/2-1/2

[Event "Charlesbourg Thematique"]
[Site "Charlesbourg CAN"]
[Date "2004.01.26"]
[Round "4"]
[White "Sauve, Richard"]
[Black "Fecteau, Martin"]
[Result "1/2-1/2"]
[WhiteElo "1934"]
[BlackElo "1969"]
[PlyCount "117"]
[GameId "2160767911209118"]
[EventDate "2004.01.??"]
[EventType "swiss"]
[EventRounds "5"]
[EventCountry "CAN"]
[SourceTitle "EXT 2005"]
[Source "ChessBase"]
[SourceDate "2004.11.15"]
[SourceVersion "1"]
[SourceVersionDate "2004.11.15"]
[SourceQuality "1"]

1. d4 Nf6 2. c4 e6 3. Nc3 Bb4 4. Qc2 O-O 5. Bg5 c5 6. dxc5 Bxc5 7. e3 h6 8. Bh4 d6 9. Nf3 Nbd7 10. Be2 Bb4 11. a3 Qa5 12. O-O Bxc3 13. bxc3 d5 14. cxd5 Nxd5 15. c4 N5f6 16. Nd4 e5 17. Nb5 a6 18. Nd6 Qc7 19. Rfd1 b6 20. Qf5 Bb7 21. Nxb7 Qxb7 22. Bf3 e4 23. Bxe4 Qxe4 24. Qxe4 Nxe4 25. Rxd7 g5 26. Bg3 Nxg3 27. hxg3 Kg7 28. Rad1 Rac8 29. R1d4 Rc6 30. R7d6 Rfc8 31. Rxc6 Rxc6 32. Kf1 b5 33. cxb5 axb5 34. Rd3 Rc2 35. Rb3 Ra2 36. g4 f6 37. g3 Kf7 38. Kg2 Kg6 39. Kf3 Kf7 40. Ke4 Rxf2 41. Rxb5 Ra2 42. Rb3 Ke6 43. Kd4 Kd6 44. Kc4 Kc6 45. Rd3 Ra1 46. Kb4 Rb1+ 47. Kc4 Ra1 48. Kd4 Kd6 49. Rb3 Ke6 50. Ke4 Ra2 51. Rb6+ Kf7 52. Ra6 Kg6 53. Ra7 h5 54. gxh5+ Kxh5 55. Kf3 g4+ 56. Ke4 Rf2 57. Rh7+ Kg6 58. Rh1 Ra2 59. Kf4 1/2-1/2

[Event "Charlesbourg Thematique"]
[Site "Charlesbourg CAN"]
[Date "2004.02.02"]
[Round "5"]
[White "Bonneau, Daniel"]
[Black "Sauve, Richard"]
[Result "0-1"]
[WhiteElo "1985"]
[BlackElo "1934"]
[PlyCount "84"]
[GameId "2160767911209119"]
[EventDate "2004.01.??"]
[EventType "swiss"]
[EventRounds "5"]
[EventCountry "CAN"]
[SourceTitle "EXT 2005"]
[Source "ChessBase"]
[SourceDate "2004.11.15"]
[SourceVersion "1"]
[SourceVersionDate "2004.11.15"]
[SourceQuality "1"]

1. d4 e6 2. c4 Nf6 3. Nf3 Bb4+ 4. Bd2 c5 5. e3 O-O 6. Bd3 d6 7. O-O Nc6 8. a3 Bxd2 9. Qxd2 e5 10. d5 Ne7 11. Nc3 Bg4 12. Ne1 b6 13. f4 exf4 14. exf4 Re8 15. Nc2 Qd7 16. Rae1 Bf5 17. Ne3 Bxd3 18. Qxd3 Ng6 19. g3 Qh3 20. Qf5 Qh6 21. Ng4 Nxg4 22. Qxg4 Nf8 23. Nb5 Qf6 24. Re2 a6 25. Nc7 Rxe2 26. Qxe2 Ra7 27. Ne8 Qd8 28. Re1 Ng6 29. Qg4 h5 30. Qxh5 Re7 31. Rxe7 Qxe7 32. Nxd6 Qxd6 33. Qf5 Ne7 34. Qe4 b5 35. b3 Kf8 36. g4 bxc4 37. bxc4 Ng6 38. f5 Qe5 39. Qb1 Nf4 40. Kf2 Qe2+ 41. Kg3 Qe3+ 42. Kh4 Ng2+ 0-1

[Event "Charlesbourg Thematique"]
[Site "Charlesbourg CAN"]
[Date "2004.02.02"]
[Round "5"]
[White "Fecteau, Martin"]
[Black "Lessard, Claude"]
[Result "1-0"]
[WhiteElo "1969"]
[BlackElo "1980"]
[PlyCount "55"]
[GameId "2160767911209120"]
[EventDate "2004.01.??"]
[EventType "swiss"]
[EventRounds "5"]
[EventCountry "CAN"]
[SourceTitle "EXT 2005"]
[Source "ChessBase"]
[SourceDate "2004.11.15"]
[SourceVersion "1"]
[SourceVersionDate "2004.11.15"]
[SourceQuality "1"]

1. e4 c5 2. Nf3 Nc6 3. d4 cxd4 4. Nxd4 Nf6 5. Nc3 d6 6. Bg5 Qa5 7. Bxf6 gxf6 8. Qd2 h5 9. Nb3 Qc7 10. Nd5 Qb8 11. f4 b5 12. Bxb5 Bd7 13. Be2 a5 14. a4 h4 15. O-O Qa7+ 16. Kh1 Rh6 17. c3 Nd8 18. Nd4 Ne6 19. Nb5 Qb7 20. Qc2 h3 21. g4 Nc5 22. Nbc7+ Kd8 23. Nxa8 Qxa8 24. Bf3 Bc6 25. b4 Ne6 26. b5 Bb7 27. Qf2 Nxf4 28. Qb6+ 1-0